Canadian Provinces in French - Map Quiz - Statistics

General Stats
  • This quiz has been taken 14,419 times
  • The average score is 10 of 13
Answers on the Map
Answers color-coded by a green-red scale on the quiz's map according to % correct below.
 
Answer Stats
Answer % Correct
Québec
88%
Ontario
84%
Colombie britannique
83%
Île-du-Prince-Édouard
80%
Manitoba
80%
Alberta
79%
Nunavut
77%
Saskatchewan
76%
Territoires du nord-ouest
73%
Terre-Neuve-et-Labrador
71%
Yukon
71%
Nouveau-Brunswick
69%
Nouvelle-Écosse
62%
No matching quizzes found
Score Distribution
Percent of People with Each Score
Percentile by Number Answered
Your Score History
You have not taken this quiz